000
00334nam a2200133Ia 4500
008
231017s9999 xx 000 0 und d
082
_a
388.3122021
082
_b
MAN
245
0
_a
Manual of Standard Traffic Signs & Pavement Markings
245
0
_c
British Columbia
260
_b
British Columbia
300
_c
30cm
942
_c
REP
999
_c
604443
_d
604443